Xu Sizhong shows love for abacus and mental arithmetic
| Published: |
China:
Hangzhou Pub. House,
2001.
|
|---|---|
| Subjects: |
| LEADER | 00496cam a2200157 7i4500 | ||
|---|---|---|---|
| 001 | 0000042775 | ||
| 005 | 20120612090000.0 | ||
| 020 | |a 7806333592 (pbk.) | ||
| 020 | |a 9787806333594 | ||
| 090 | 0 | 0 | |a QA111 |b .X87 2001 |
| 245 | 0 | 0 | |a Xu Sizhong shows love for abacus and mental arithmetic |c compiled by LuFang. |
| 260 | |a China: |b Hangzhou Pub. House, |c 2001. | ||
| 300 | |a 78 p.: |b col. ill.; |c 29 cm. | ||
| 500 | |a Gift | ||
| 650 | 0 | 0 | |a Mental arithmetic |
| 999 | |a 0000047815 |b BOK |c OPEN SHELF |e 2nd Floor, Bestari Jaya | ||


